[Event "India rating op"]
[Site "India"]
[Date "2019.02.03"]
[Round "11"]
[White "Malla, Nooka Raju"]
[Black "Karnik, Bhavesh"]
[Result "1-0"]
[WhiteElo "1968"]
[BlackElo "1585"]
[PlyCount "73"]
[EventDate "2019.02.03"]
[EventType "swiss"]
[EventRounds "11"]
[EventCountry "IND"]
[SourceTitle "EXT 2021"]
[Source "ChessBase"]
[SourceDate "2020.10.23"]
[SourceVersion "1"]
[SourceVersionDate "2020.10.23"]
[SourceQuality "1"]

1. e4 d5 2. exd5 Nf6 3. d4 Nxd5 4. Nf3 Bg4 5. Bc4 e6 6. 0-0 Nc6 7. c3 Be7 8. Re1 0-0 9. Nbd2 Re8 10. Ne4 Nf6 11. Ng3 a6 12. h3 Bxf3 13. Qxf3 Qd7 14. Bd2 Rad8 15. Rad1 b5 16. Bb3 Na5 17. Bc2 Nc4 18. Bc1 Qd5 19. Ne4 Nd6 20. Bb3 Qf5 21. Nxf6+ Qxf6 22. Qc6 Nf5 23. Re4 e5 24. Qxf6 Bxf6 25. Rde1 Nd6 26. R4e2 exd4 27. cxd4 Rxe2 28. Rxe2 Re8 29. Be3 Nf5 30. Rc2 Nxe3 31. fxe3 Rxe3 32. Rxc7 h6 33. Rxf7 Kh8 34. d5 Rd3 35. Rf8+ Kh7 36. Bc2 Bd4+ 37. Kf1 1-0